| LEADER |
01326ngm0a2200277 450 |
| 001 |
16848533 |
| 100 |
|
|
|a 20101230d2009 u u0frey01 ba
|
| 101 |
1 |
|
|a eng
|c eng
|
| 102 |
|
|
|a US
|
| 200 |
0 |
|
|a Mad men
|f série créée par Matthew Weiner
|g Matthew Weiner , Phil Abraham, Jennifer Getzinger ...[et al.], réal. - Matthew Weiner, Kater Gordon, Cathryn Humprhris ...[et al.], scénario - David Carbonara, comp. - Jon Hamm, Vincent Kartheiser, January Jones ... [et al.] act
|
| 207 |
|
1 |
|a
|
| 215 |
|
|
|a 4 DVD 2 couches sur une simple face (09 h 06 mn)
|c 1.85:1, 16/9 compatible 4/3, Couleur (PAL), Son. (Dolby Digital 5.1)
|
| 300 |
|
|
|a Droit de prêt et consultation
|
| 330 |
|
|
|a Don se débat avec son passé tandis que sa femme Betty s'émancipe et que l'agence de publicité est soumise à la dure loi de la concurrence ! Une série toujours aussi brillante
|
| 702 |
|
0 |
|a Weiner
|b Matthew
|4 560
|
| 702 |
|
0 |
|a Getzinger
|b Jennifer
|4 370
|
| 702 |
|
0 |
|a Hamm
|b Jon
|4 5
|
| 702 |
|
0 |
|a Kartheiser
|b Vincent
|4 5
|
| 702 |
|
0 |
|a Jones
|b January
|4 5
|
| 702 |
|
0 |
|a Olson
|b Peggy
|4 5
|
| 702 |
|
0 |
|a Albert
|b Lisa
|4 690
|
| 702 |
|
0 |
|a Cleveland
|b Rick
|4 690
|
| 702 |
|
0 |
|a Carbonara
|b David
|4 230
|
| 900 |
|
|
|a Film
|
| 901 |
|
|
|a Accessible au prêt
|
| 995 |
|
|
|a Bibliothèque
|c Bibliothèque
|f 00156008465346
|h 00156008465346
|k S MAD 3
|o p
|q a
|r gd
|e Bibliothèque
|